| 000 | 00957nam a22002537a 4500 | ||
|---|---|---|---|
| 005 | 20140903174926.0 | ||
| 008 | 131004s1990 sp grn 000 0 spa | ||
| 020 | _a9788435009003 | ||
| 040 |
_aCO-BoUCM _bspa _cAngélica Rojas _dAldemar Mondragón |
||
| 041 | 0 | 0 | _aspa |
| 100 | 1 |
_aSalinger, Jerome David _d1919-2010 _947318 |
|
| 245 | 1 | 0 |
_aLevantad, carpinteros, la viga del tejado y seymour una introducción _cJ. D. Salinger ; traduccion de Carmen Criado |
| 260 | 3 |
_aMadrid _bEdhasa _c1990 |
|
| 300 | _a216 páginas | ||
| 490 | 0 | _aCuentos Edhasa | |
| 650 | 7 |
_aCuentos estadounidenses _912271 |
|
| 650 | 7 |
_aFamilia _v Cuentos _947320 |
|
| 650 | 7 |
_aVida cotidiana _v Cuentos _947319 |
|
| 690 |
_942862 _aLiteratura estadounidense |
||
| 700 | 1 |
_aCriado, Carmen, _etraductor _947321 |
|
| 765 | _tRaise hight the roof beam, carpenters and seymour an introduction | ||
| 942 |
_a18 _cLIBRO _e1 _mS165L _2DEWEY _h813.5 |
||
| 999 |
_c180784 _d180784 |
||